Tiger & monk : (Record no. 4261)

MARC details
000 -LEADER
fixed length control field 00442nam a2200169 4500
001 - CONTROL NUMBER
control field 5096
005 - DATE AND TIME OF LATEST TRANSACTION
control field 20181127174756.0
020 00 - INTERNATIONAL STANDARD BOOK NUMBER
International Standard Book Number 9789993689980
090 00 - LOCALLY ASSIGNED LC-TYPE CALL NUMBER (OCLC); LOCAL CALL NUMBER (RLIN)
Classification number (OCLC) (R) ; Classification number, CALL (RLIN) (NR) 895.1 A435t 2015
100 00 - MAIN ENTRY--PERSONAL NAME
Personal name Allgower, Erik.
245 00 - TITLE STATEMENT
Title Tiger & monk :
Remainder of title A Himalayan fiction /
Statement of responsibility, etc. Erik Allgower.
Medium
250 00 - EDITION STATEMENT
Edition statement 1st ed.
260 00 - PUBLICATION, DISTRIBUTION, ETC.
Place of publication, distribution, etc. Thimphu :
Name of publisher, distributor, etc. Riyang Books,
Date of publication, distribution, etc. 2015.
300 00 - PHYSICAL DESCRIPTION
Extent 273 p. ; 20 cm.
650 00 - SUBJECT ADDED ENTRY--TOPICAL TERM
Topical term or geographic name entry element Fiction.
General subdivision
651 ## - SUBJECT ADDED ENTRY--GEOGRAPHIC NAME
Geographic name Bhutan -- Fiction.
Form subdivision
General subdivision
Chronological subdivision
Geographic subdivision
Source of heading or term
Holdings
Withdrawn status Lost status Source of classification or shelving scheme Damaged status Not for loan Collection code Home library Current library Shelving location Date acquired Serial Enumeration / chronology Inventory number Total Checkouts Total Renewals Full call number Barcode Date last seen Date last checked out Copy number Price effective from Koha item type
    Dewey Decimal Classification     Main TEST RTC Library RTC Library Main opac 08/08/2023 8340 2 1 895.1 ALL 30009582 30/08/2023 08/08/2023 1 27/11/2018 Main
    Dewey Decimal Classification     Main TEST RTC Library RTC Library Main opac 09/06/2022 8396 2   895.1 ALL 30009632 27/06/2022 09/06/2022 2 27/11/2018 Main
Royal Thimphu College || All Right Reserved